Anagrammes - Prénoms féminins - Série 07 - Statistiques

Statistiques générales
  • Ce quiz a été pris 240 fois
  • Le résultat moyen est 7 sur 10
Statistiques - réponses
Anagramme Prénom % Correct
INCLEMENTE Clementine
96%
NAUPLIE Pauline
93%
BARINAS Sabrina
89%
RANDINES Sandrine
88%
ILAUREE Aurelie
70%
JARMOIRE Marjorie
70%
ABEILLES Isabelle
68%
PALACES Pascale
62%
CHAIRNEL Charline
59%
MEILLEUR Murielle
52%
Aucun quiz correspondant
Distribution des résultats
% des personnes avec chaque résultat
Percentile par nombre de réponses
Votre historique - résultats
Vous n’avez pas pris ce quiz